000
00296nam a22001337a 4500
008
170426b xxu||||| |||| 00| 0 eng d
020
_a
9780815317005
041
_a
eng
080
_a
54
100
_a
12
101
_a
SHM
245
_a
MECHANISM IN PROTEIN CHEMISTRY
_c
KYTE, J
942
_2
udc
_c
BK
999
_c
12214
_d
12214